000 00977nam a2200265Ia 4500
003 OSt
005 20221005111013.0
006 a|||||r|||| 00| 0
007 ta
008 221004b |||||||| |||| 00| 0 hin d
020 _a8171193307 (hbk)
_c150
024 _a15726
037 _bBR6169, 24/12/2014, Rajkamal Prakashan Pvt. Ltd.
_cTextual
040 _aCRL
_cCRL
_bhin
041 _2hin
_ahin
082 _aO152,1N112x, N0
100 _aशमशेर बहादुर सिंह
245 0 _aटूटी हुई, बिखरी हुई
246 _aṬūṭī huī, bikharī huī
260 _aनई दिल्ली
_bराधाकृष्ण भारत
_c1990
300 _a167पृ0
_ccm.
650 _aहिन्दी साहित्य
942 _hO152,1N112x, N0
_cTEXL
_2cc
999 _c1020536
_d1020536